000 00529nam a2200217Ia 4500
003 OSt
005 20220924134533.0
006 a|||||r|||| 00| 0
007 ta
008 220923b |||||||| |||| 00| 0 snd d
024 _a276256
037 _cTextual
040 _aARTS
_cARTS
_bsnd
041 _2snd
_asnd
082 _aV2y7M69, 1593L9
100 _aSharma
_9101321
245 0 _aGandh jeewan rahasya
260 _c1979
942 _hV2y7M69, 1593L9
_cTEXL
_2CC
999 _c437693
_d437693